Online katalóg knižníc regiónu Turca

Brána času (Record no. 22738)

MARC details
000 -LEADER
fixed length control field 01834nam a2200505 a 4500
001 - CONTROL NUMBER
control field 22738
003 - CONTROL NUMBER IDENTIFIER
control field SK-KTurca
005 - DATE AND TIME OF LATEST TRANSACTION
control field 20260422123627.0
006 - FIXED-LENGTH DATA ELEMENTS--ADDITIONAL MATERIAL CHARACTERISTICS
fixed length control field r j rn
008 - FIXED-LENGTH DATA ELEMENTS--GENERAL INFORMATION
fixed length control field 240315s2011 xo a j 000 j slo
015 ## - NATIONAL BIBLIOGRAPHY NUMBER
National bibliography number SNBA2011/08-04372
020 ## - INTERNATIONAL STANDARD BOOK NUMBER
International Standard Book Number 9788080895167
Qualifying information (viaz.)
040 ## - CATALOGING SOURCE
Original cataloging agency PPPK
Language of cataloging slo
Transcribing agency PPPK
Modifying agency SNK
Description conventions AACR2
041 1# - LANGUAGE CODE
Language code of text/sound track or separate title slo
Language code of original ger
044 ## - COUNTRY OF PUBLISHING/PRODUCING ENTITY CODE
MARC country code xo
ISO country code SK
072 #7 - SUBJECT CATEGORY CODE
Subject category code 821.112.2-3
Subject category code subdivision Nemecká próza, nemecky písaná
Source konspekt
072 #7 - SUBJECT CATEGORY CODE
Subject category code 821-93
Subject category code subdivision Literatúra pre deti a mládež (beletria)
Source konspekt
080 ## - UNIVERSAL DECIMAL CLASSIFICATION NUMBER
Universal Decimal Classification number 821.112.2(436)-32
Edition identifier 2001
080 ## - UNIVERSAL DECIMAL CLASSIFICATION NUMBER
Universal Decimal Classification number (0:82-321.3)
Edition identifier 2001
080 ## - UNIVERSAL DECIMAL CLASSIFICATION NUMBER
Universal Decimal Classification number 821-93
Edition identifier 2001
100 1# - MAIN ENTRY--PERSONAL NAME
Personal name Brezina, Thomas,
Dates associated with a name 1963-
Relationship aut
240 04 - UNIFORM TITLE
Uniform title Die Rüstung des Schwarzen Prinzen
Language of a work Slovensky
245 10 - TITLE STATEMENT
Title Brána času
Statement of responsibility, etc. Thomas C. Brezina ; ilustrovala Nora Nowatzyková ; [z nemeckého originálu preložila Elena Stuppacherová]
Number of part/section of a work [2]
Name of part/section of a work Útok na čierneho rytiera
246 30 - VARYING FORM OF TITLE
Title proper/short title Útok na čierneho rytiera
246 1# - VARYING FORM OF TITLE
Display text Názov v tiráži:
Title proper/short title Brána času 2 - Útok na čierného rytiera
250 ## - EDITION STATEMENT
Edition statement 1. vyd.
260 ## - PUBLICATION, DISTRIBUTION, ETC.
Place of publication, distribution, etc. Bratislava
Name of publisher, distributor, etc. Fragment
Date of publication, distribution, etc. 2011
300 ## - PHYSICAL DESCRIPTION
Extent 109 s.
Other physical details ilustr.
Dimensions 19 cm
Accompanying material 1 plastová lupa
490 1# - SERIES STATEMENT
Series statement Klub záhad
490 1# - SERIES STATEMENT
Series statement Čítanie pre radosť a poučenie
521 ## - TARGET AUDIENCE NOTE
Target audience note Pre čitateľov od 11 rokov
655 #7 - INDEX TERM--GENRE/FORM
Genre/form data or focus term rakúske príbehy
Source of term SNKPH
655 #7 - INDEX TERM--GENRE/FORM
Genre/form data or focus term dobrodružné príbehy
Source of term SNKPH
655 #7 - INDEX TERM--GENRE/FORM
Genre/form data or focus term publikácie pre deti
Source of term SNKPH
655 #7 - INDEX TERM--GENRE/FORM
Genre/form data or focus term Austrian stories
Source of term SNKPHeng
655 #7 - INDEX TERM--GENRE/FORM
Genre/form data or focus term Adventure stories
Source of term SNKPHeng
655 #7 - INDEX TERM--GENRE/FORM
Genre/form data or focus term Children's literature
Source of term SNKPHeng
700 1# - ADDED ENTRY--PERSONAL NAME
Personal name Nowatzyk, Nora
Relationship ill
700 1# - ADDED ENTRY--PERSONAL NAME
Personal name Stuppacherová, Elena,
Dates associated with a name 1946-
Relationship trl
830 #0 - SERIES ADDED ENTRY--UNIFORM TITLE
Uniform title Klub záhad
830 #0 - SERIES ADDED ENTRY--UNIFORM TITLE
Uniform title Čítanie pre radosť a poučenie
942 ## - ADDED ENTRY ELEMENTS (KOHA)
Source of classification or shelving scheme Dewey Decimal Classification
Koha item type Krásna literatúra pre deti
Suppress in OPAC No
980 ## - EQUIVALENCE OR CROSS-REFERENCE-SERIES STATEMENT--PERSONAL NAME/TITLE [LOCAL, CANADA]
Personal name 821.112.2(436)-32
Holdings
Stav vyradenia Strata Poškodenie Spôsob nadobudnutia Domovská knižnica Aktuálna knižnica Dátum nadobudnutia Total checkouts Čiarový kód exemplára Date last seen Typ exemplára
      Dar Mestská knižnica Turany Mestská knižnica Turany 22.04.2026   4712401339 22.04.2026 Krásna literatúra pre deti
Projekt je podporený Slovenskou asociáciou knižníc
Prevádzkuje Turčianska knižnica Martin 2026